[Event "NAT Grächen VS"]
[Site "?"]
[Date "2013.??.??"]
[Round "7"]
[White "Gallagher, Joseph"]
[Black "Pomini, Aurélien"]
[Result "1-0"]
[WhiteElo "2526"]
[BlackElo "2165"]
[PlyCount "47"]
[EventDate "2013.??.??"]
[SourceDate "2013.07.11"]

1. e4 e5 2. Nf3 Nc6 3. Bc4 Nf6 4. d3 Bc5 5. c3 d6 6. Bb3 O-O 7. Bg5 Bb6 8. Nbd2
Qe7 9. O-O Nd8 10. Nc4 c6 11. d4 Bc7 12. Bh4 Bg4 13. Re1 Ne6 14. Ne3 Bh5 15.
Nf5 Qd8 16. Qe2 Nf4 17. Qe3 Ng6 18. dxe5 Nxh4 19. N3xh4 dxe5 20. Qg3 g6 21.
Rad1 Bxd1 22. Nxg6 Ne8 23. Nge7+ Kh8 24. Rxd1 1-0

[Event "NAT Grächen VS"]
[Site "?"]
[Date "2013.??.??"]
[Round "7"]
[White "Burnier, David"]
[Black "Levrand, Roland"]
[Result "0-1"]
[WhiteElo "2358"]
[BlackElo "2162"]
[PlyCount "78"]
[EventDate "2013.??.??"]
[SourceDate "2013.07.11"]

1. d4 Nf6 2. c4 g6 3. Nc3 Bg7 4. e4 O-O 5. Nf3 c6 6. h3 d5 7. e5 Ne4 8. Bd3
Nxc3 9. bxc3 c5 10. cxd5 cxd4 11. c4 e6 12. Bg5 f6 13. exf6 Bxf6 14. Bxf6 Qxf6
15. Be4 e5 16. O-O Nd7 17. Qd2 b6 18. Rae1 Ba6 19. Bd3 Rac8 20. Qh6 Rc7 21. Ng5
Nc5 22. f4 exf4 23. Ne6 Nxd3 24. Rd1 Re7 25. Nxf8 Bxc4 26. Ne6 Rf7 27. Ng5 Rd7
28. Ne6 Rf7 29. a3 Qe5 30. Rf3 Qe2 31. Rdf1 Bxd5 32. Qg5 Bxe6 33. Qd8+ Rf8 34.
Qxd4 Bf5 35. Qd5+ Kg7 36. Qb7+ Rf7 37. Qa6 Be4 38. R1f2 Qd1+ 39. Rf1 Qc2 0-1

[Event "NAT Grächen VS"]
[Site "?"]
[Date "2013.??.??"]
[Round "7"]
[White "Grandadam, Nicolas"]
[Black "Sprotte, Norbert"]
[Result "1/2-1/2"]
[WhiteElo "2344"]
[BlackElo "2144"]
[PlyCount "147"]
[EventDate "2013.??.??"]
[SourceDate "2013.07.11"]

1. Nf3 Nf6 2. c4 c5 3. d4 cxd4 4. Nxd4 e5 5. Nb5 d5 6. cxd5 Qa5+ 7. N5c3 b5 8.
Nd2 b4 9. Nce4 Nxe4 10. Nxe4 Bb7 11. g3 f5 12. Ng5 Qxd5 13. Qxd5 Bxd5 14. e4
fxe4 15. Bg2 Nc6 16. Be3 Be7 17. Bxe4 O-O-O 18. Bxd5 Rxd5 19. Ne4 Kb7 20. Ke2
Nd4+ 21. Bxd4 Rxd4 22. f3 Rc8 23. Rac1 Rdc4 24. Rxc4 Rxc4 25. Rd1 Rc2+ 26. Rd2
Rxd2+ 27. Nxd2 Kc6 28. Kd3 Kd5 29. Ne4 h6 30. h3 Bf8 31. h4 h5 32. g4 g6 33.
gxh5 gxh5 34. Nf6+ Ke6 35. Nxh5 Kf5 36. Ke2 Be7 37. Ng3+ Kf4 38. Nf1 Bxh4 39.
Ne3 Bd8 40. Nd5+ Kf5 41. Nxb4 e4 42. fxe4+ Kxe4 43. Nd3 Bg5 44. Nf2+ Kd4 45.
Kd1 Ke3 46. Ng4+ Kf3 47. Ne5+ Ke4 48. Nf7 Bf4 49. Kc2 Kd5 50. Kd3 Ke6 51. Nd8+
Kd7 52. Nb7 Kc6 53. Na5+ Kb5 54. Nb3 Be5 55. Kc2 a5 56. Nc1 a4 57. Ne2 Bg7 58.
Nc3+ Kb4 59. a3+ Ka5 60. Kd3 Bf6 61. Kc4 Bg7 62. Kc5 Bf6 63. Nd1 Bg5 64. Kc6
Bc1 65. Kc5 Bg5 66. Kc4 Bf6 67. Kd5 Bg7 68. Kc5 Bf8+ 69. Kc6 Bh6 70. Nf2 Bg7
71. Nd3 Bf6 72. Kd5 Kb5 73. Ne5 Bxe5 74. Kxe5 1/2-1/2

[Event "NAT Grächen VS"]
[Site "?"]
[Date "2013.??.??"]
[Round "7"]
[White "Känel, Hans-Jürg"]
[Black "Jenal, Jürg"]
[Result "1/2-1/2"]
[WhiteElo "2331"]
[BlackElo "2127"]
[PlyCount "85"]
[EventDate "2013.??.??"]
[SourceDate "2013.07.11"]

1. f4 c5 2. Nf3 Nc6 3. g3 g6 4. Bg2 Bg7 5. d3 Nf6 6. O-O O-O 7. Nc3 d6 8. e4
Rb8 9. h3 b5 10. g4 Qc7 11. f5 b4 12. Ne2 Ba6 13. Nf4 Rfe8 14. g5 Nd7 15. h4
Nce5 16. Nd5 Qd8 17. h5 e6 18. Nxe5 Bxe5 19. fxg6 fxg6 20. Nf4 Bd4+ 21. Kh1 Ne5
22. hxg6 hxg6 23. Ne2 Rf8 24. Nxd4 cxd4 25. Bd2 Qe7 26. Bh3 Rxf1+ 27. Qxf1 Rf8
28. Qg2 d5 29. exd5 Qh7 30. Qh2 Rf2 31. Qxf2 Qxh3+ 32. Qh2 Qf3+ 33. Qg2 Qh5+
34. Qh2 Qf3+ 35. Qg2 Qh5+ 36. Kg1 Bb7 37. Kf2 Bxd5 38. Qg3 Ng4+ 39. Kf1 Nh2+
40. Ke1 Nf3+ 41. Kf2 Nxd2 42. Qb8+ Kf7 43. Qc7+ 1/2-1/2

[Event "NAT Grächen VS"]
[Site "?"]
[Date "2013.??.??"]
[Round "7"]
[White "Michaelis, Nico"]
[Black "Räber, Markus"]
[Result "1/2-1/2"]
[WhiteElo "2130"]
[BlackElo "2245"]
[PlyCount "80"]
[EventDate "2013.??.??"]
[SourceDate "2013.07.11"]

1. d4 Nf6 2. Nf3 g6 3. b3 Bg7 4. Bb2 O-O 5. e3 c5 6. Bd3 b6 7. O-O Bb7 8. Nbd2
Nc6 9. c3 d6 10. Qe2 e5 11. dxe5 dxe5 12. Ne4 Nh5 13. Rfd1 Qe7 14. Bc4 Rad8 15.
Rxd8 Rxd8 16. Nfg5 Na5 17. Nxf7 Rf8 18. Nfd6+ Kh8 19. Nxb7 Qxb7 20. f3 Nxc4 21.
Qxc4 Bh6 22. Qe2 Rd8 23. c4 Qe7 24. Re1 Kg8 25. Nf2 Bg7 26. Rd1 Rxd1+ 27. Qxd1
Nf6 28. Qd3 Bh6 29. Kf1 Bg7 30. Ne4 h6 31. g3 Nxe4 32. Qxe4 Kh7 33. Qd5 Qg5 34.
Qe4 a6 35. Kf2 b5 36. h4 Qd8 37. Qc2 h5 38. Kg2 bxc4 39. bxc4 Qd7 40. Bc3 Qf7
1/2-1/2

[Event "NAT Grächen VS"]
[Site "?"]
[Date "2013.??.??"]
[Round "7"]
[White "Angst, Robin"]
[Black "Hugentobler, Patrik"]
[Result "0-1"]
[WhiteElo "2112"]
[BlackElo "2238"]
[PlyCount "122"]
[EventDate "2013.??.??"]
[SourceDate "2013.07.11"]

1. e4 Nf6 2. e5 Nd5 3. d4 d6 4. Nf3 Bg4 5. Be2 c6 6. O-O Bxf3 7. Bxf3 dxe5 8.
dxe5 e6 9. c4 Ne7 10. Qxd8+ Kxd8 11. Be4 Nd7 12. Rd1 Ke8 13. f4 Nf5 14. Nc3
Bc5+ 15. Kf1 Ne3+ 16. Bxe3 Bxe3 17. g3 g5 18. Ke2 gxf4 19. Rf1 Bd4 20. gxf4 Nc5
21. Bc2 Rg8 22. Kf3 Bxc3 23. bxc3 Rd8 24. Rad1 Ke7 25. Rd4 Rg7 26. Rxd8 Kxd8
27. Rf2 Ke7 28. Ke3 h6 29. Ke2 Rg1 30. Rf1 Rxf1 31. Kxf1 Nd7 32. Ke2 f6 33.
exf6+ Nxf6 34. Kd3 c5 35. Bd1 Ne8 36. Bg4 Kf6 37. Bh3 Nd6 38. Bg4 e5 39. fxe5+
Kxe5 40. Bd7 Kf4 41. Be6 b6 42. Bd5 Nf5 43. Be6 Ne3 44. h3 Nf1 45. Bd7 Ng3 46.
Bc6 Nh5 47. Bd7 Nf6 48. Be6 h5 49. Kc2 h4 50. Kb3 Ne4 51. Bd5 Ke3 52. Kc2 Ng5
53. Kb3 Nxh3 54. Ka4 Nf2 55. Be6 Ne4 56. Kb5 Nxc3+ 57. Ka6 Nxa2 58. Kxa7 Kd4
59. Kxb6 Nc3 60. Kc6 Ne4 61. Kd7 Nf2 0-1

[Event "NAT Grächen VS"]
[Site "?"]
[Date "2013.??.??"]
[Round "7"]
[White "Saikrishnan, Sai"]
[Black "Leutwyler, Martin"]
[Result "1/2-1/2"]
[WhiteElo "1979"]
[BlackElo "2225"]
[PlyCount "57"]
[EventDate "2013.??.??"]
[SourceDate "2013.07.11"]

1. d4 Nf6 2. c4 e6 3. Nf3 Bb4+ 4. Bd2 a5 5. g3 d6 6. Bg2 Nbd7 7. a3 Bxd2+ 8.
Nbxd2 e5 9. e3 a4 10. O-O O-O 11. Qc2 Re8 12. Rad1 c6 13. d5 cxd5 14. cxd5 Nc5
15. e4 b6 16. Rfe1 Ba6 17. Bf1 Bxf1 18. Kxf1 b5 19. Ra1 Qa5 20. b4 axb3 21.
Nxb3 Qa4 22. Nfd2 Rec8 23. Qb1 Nxb3 24. Qxb3 Qxb3 25. Nxb3 Rc3 26. Nd2 Rcxa3
27. Rxa3 Rxa3 28. Rb1 g6 29. Rxb5 1/2-1/2

[Event "NAT Grächen VS"]
[Site "?"]
[Date "2013.??.??"]
[Round "7"]
[White "Schafer, Ezio"]
[Black "Habibi, Ali"]
[Result "0-1"]
[WhiteElo "2008"]
[BlackElo "2265"]
[PlyCount "72"]
[EventDate "2013.??.??"]
[SourceDate "2013.07.11"]

1. e4 c5 2. Nf3 g6 3. Nc3 Bg7 4. d4 cxd4 5. Nxd4 Nc6 6. Be3 Nf6 7. Bc4 Qa5 8.
O-O O-O 9. Nb3 Qc7 10. Bg5 d6 11. Bxf6 exf6 12. Nb5 Qb6 13. Qxd6 a6 14. Nc7 Rb8
15. Nd5 Qd8 16. Qc5 f5 17. exf5 Bxf5 18. Ne3 Ne5 19. Nxf5 gxf5 20. Rad1 Qh4 21.
Bd3 f4 22. Nd4 Rbc8 23. Qd5 Rfd8 24. Qe4 Rxd4 25. Qxb7 Rcd8 26. Be2 Rxd1 27.
Rxd1 Rxd1+ 28. Bxd1 Qd8 29. Be2 a5 30. Qe4 Qd2 31. h3 Qe1+ 32. Kh2 Qxf2 33. Bh5
f3 34. Qa8+ Bf8 35. Bxf3 Nxf3+ 36. Qxf3 Bd6+ 0-1

[Event "NAT Grächen VS"]
[Site "?"]
[Date "2013.??.??"]
[Round "7"]
[White "Salzgeber, Frank"]
[Black "Marro, Christian"]
[Result "1/2-1/2"]
[WhiteElo "2209"]
[BlackElo "1995"]
[PlyCount "65"]
[EventDate "2013.??.??"]
[SourceDate "2013.07.11"]

1. d4 Nf6 2. c4 e6 3. Nc3 Bb4 4. e3 O-O 5. Bd3 d5 6. Nf3 dxc4 7. Bxc4 b6 8. O-O
Bb7 9. a3 Bxc3 10. bxc3 Ba6 11. Bxa6 Nxa6 12. Qe2 Qc8 13. e4 h6 14. Ne5 c5 15.
Bb2 Qb7 16. Rfe1 Rac8 17. Nc4 Rfd8 18. e5 Ne8 19. Nd2 cxd4 20. cxd4 Rc2 21.
Rab1 Nc5 22. Qd1 Rxb2 23. Rxb2 Nd3 24. Nf3 Nxb2 25. Qb3 Qc6 26. Qxb2 Rc8 27. h3
Qc3 28. Qb5 Qc4 29. Qd7 Qc7 30. Qa4 Qb7 31. Rb1 a6 32. Qb3 b5 33. a4 1/2-1/2

[Event "ST Grächen VS"]
[Site "?"]
[Date "2013.??.??"]
[Round "5"]
[White "Karl, Hans"]
[Black "Vucenovic, Dragomir"]
[Result "1/2-1/2"]
[WhiteElo "2148"]
[BlackElo "2271"]
[PlyCount "69"]
[EventDate "2013.??.??"]
[SourceDate "2013.07.11"]

1. d4 Nf6 2. c4 e6 3. Nc3 d5 4. Nf3 Be7 5. Bf4 a6 6. e3 Nbd7 7. c5 Ne4 8. Bd3
f5 9. h3 O-O 10. Qc2 Ndf6 11. Ne5 Bd7 12. Ne2 g5 13. Bh2 Nh5 14. g4 Ng7 15. f3
Nf6 16. O-O Bb5 17. b4 Bxd3 18. Qxd3 c6 19. a4 Nd7 20. b5 Nxe5 21. Bxe5 Qd7 22.
bxc6 Qxc6 23. Rab1 Bd8 24. Qb3 Rf7 25. Kg2 Ba5 26. Rb2 Raf8 27. Ng3 Rd7 28. f4
Bd8 29. Bd6 Rff7 30. Be5 Rf8 31. Re2 Rdf7 32. Bd6 Re8 33. Be5 Ref8 34. Bd6 Re8
35. Be5 1/2-1/2

[Event "ST Grächen VS"]
[Site "?"]
[Date "2013.??.??"]
[Round "5"]
[White "Bhend, Edwin"]
[Black "Huss, Benjamin"]
[Result "1/2-1/2"]
[WhiteElo "2249"]
[BlackElo "2136"]
[PlyCount "48"]
[EventDate "2013.??.??"]
[SourceDate "2013.07.11"]

1. b3 e5 2. Bb2 d6 3. c4 Nd7 4. e3 Ngf6 5. Nc3 g6 6. d3 Bg7 7. Nf3 O-O 8. Be2
b6 9. O-O Bb7 10. Qc2 Re8 11. Nd2 Rc8 12. b4 c6 13. Qb3 Qe7 14. Rac1 c5 15. a3
Red8 16. e4 Bh6 17. Rcd1 Rf8 18. Rfe1 Ne8 19. Nd5 Bxd5 20. cxd5 f5 21. Nf1 fxe4
22. dxe4 Qh4 23. f3 Rc7 24. Bb5 Qe7 1/2-1/2

[Event "ST Grächen VS"]
[Site "?"]
[Date "2013.??.??"]
[Round "5"]
[White "Hohler, Peter"]
[Black "Joncic, Dragan"]
[Result "1-0"]
[WhiteElo "2213"]
[BlackElo "1920"]
[PlyCount "65"]
[EventDate "2013.??.??"]
[SourceDate "2013.07.11"]

1. Nf3 Nf6 2. g3 Nc6 3. d4 d5 4. Bg2 Bg4 5. Ne5 Bf5 6. c4 Be4 7. f3 Bxb1 8.
Rxb1 e6 9. Nxc6 bxc6 10. O-O Be7 11. e4 O-O 12. e5 Nd7 13. c5 f6 14. f4 fxe5
15. fxe5 Rxf1+ 16. Bxf1 Qf8 17. Bh3 Qf7 18. Be3 Qg6 19. Rc1 Rb8 20. Qd2 Nf8 21.
Bf1 Qe4 22. Bd3 Rxb2 23. Bxe4 Rxd2 24. Bxd2 dxe4 25. Rb1 Ng6 26. Rb7 Nxe5 27.
dxe5 Bxc5+ 28. Kf1 Bb6 29. Ke2 Kf7 30. Be3 c5 31. a4 a5 32. Rb8 h6 33. Kd2 1-0

[Event "ST Grächen VS"]
[Site "?"]
[Date "2013.??.??"]
[Round "5"]
[White "Binder, Beat"]
[Black "Bischoff, Peter"]
[Result "1/2-1/2"]
[WhiteElo "1987"]
[BlackElo "2089"]
[PlyCount "53"]
[EventDate "2013.??.??"]
[SourceDate "2013.07.11"]

1. d4 Nf6 2. e3 g6 3. Bd3 Bg7 4. Nd2 d6 5. f4 O-O 6. Ngf3 c5 7. c3 Nc6 8. Ne4
Qb6 9. Nxf6+ Bxf6 10. d5 Na5 11. O-O Bd7 12. Qe2 c4 13. Bc2 e6 14. dxe6 fxe6
15. Kh1 e5 16. e4 Bg7 17. fxe5 dxe5 18. Rb1 Qc7 19. Bg5 b5 20. Rbd1 Bc6 21. Qe3
Nb7 22. Rf2 a5 23. Rfd2 Bf6 24. h4 Qe7 25. Qb6 Bxg5 26. Nxg5 Rac8 27. Qe3
1/2-1/2

[Event "ST Grächen VS"]
[Site "?"]
[Date "2013.??.??"]
[Round "5"]
[White "Kock, Hans-Uwe"]
[Black "Bornand, Herbert"]
[Result "1-0"]
[WhiteElo "2005"]
[BlackElo "2000"]
[PlyCount "99"]
[EventDate "2013.??.??"]
[SourceDate "2013.07.11"]

1. d4 d5 2. Nf3 c6 3. e3 Bg4 4. c4 e6 5. Nc3 Nf6 6. Bd3 Nbd7 7. cxd5 exd5 8.
O-O Bd6 9. e4 dxe4 10. Nxe4 Be7 11. Ng3 O-O 12. h3 Be6 13. Re1 Re8 14. Nf5 Bxf5
15. Bxf5 g6 16. Bc2 Nd5 17. Ne5 f6 18. Ng4 Bd6 19. Bb3 Rxe1+ 20. Qxe1 Qe8 21.
Bd2 Kf7 22. Qf1 N7b6 23. Qd3 Qd7 24. Qf3 f5 25. Ne5+ Bxe5 26. dxe5 Re8 27. Re1
Qd8 28. Qg3 Re6 29. Bg5 Qf8 30. Qh4 h5 31. f4 Qc5+ 32. Qf2 Qxf2+ 33. Kxf2 a5
34. a3 Ke8 35. Rd1 Kd7 36. Kf3 Kc7 37. Bh4 Re8 38. Bf2 a4 39. Bxb6+ Nxb6 40.
Bf7 Re7 41. Bxg6 Nc4 42. Bxf5 Nxb2 43. Rc1 Rf7 44. g4 b5 45. e6 hxg4+ 46. hxg4
Rf8 47. Rh1 Nc4 48. Rh7+ Kb6 49. e7 Re8 50. Bg6 1-0